| 000 | 00618nam a2200205 a 4500 | ||
|---|---|---|---|
| 005 | 20210223124711.0 | ||
| 008 | 020906s1999 es r 000 0 spa d | ||
| 020 | _a8478807934 | ||
| 035 | _aUPN01000118922 | ||
| 049 | _aCG | ||
| 050 | 4 |
_aGN285 _bA7.3 |
|
| 100 | 1 | _aArsuaga Ferreras, Juan Luis | |
| 245 | 1 | 3 |
_aEl collar del neandertal : _ben busca de los primeros pensadores / _cJuan Luis Arsuaga ; il. Juan Carlos Sastre. |
| 260 |
_aMadrid : _bTemas de hoy, _c1999. |
||
| 300 |
_a311 p. : _bil. |
||
| 440 | 0 | _aTanto por saber | |
| 650 | 4 | _aNEANDERTHAL (RAZA) | |
| 650 | 4 |
_aEVOLUCION HUMANA _96969 |
|
| 905 | _aLibro | ||
| 999 |
_c91284 _d91284 |
||